Estadísticas para Ciudades más grandes en el hemisferio del sur

Haz click aquí para intentar la prueba.

Estadísticas generales

  • Esta prueba ha sido intentada 2.334 veces
    (277 desde el último reinicio)
  • La puntuación promedio es 15 de 20

Estadísticas de respuestas

PoblaciónCiudad% Correcto
16,7 MBuenos Aires
100%
4,98 MSídney
96%
12,5 MRío de Janeiro
95%
8,25 MSantiago
95%
22,1 MSão Paulo
94%
14,6 MJohannesburgo
91%
11,8 MLima
91%
29,2 MYakarta
85%
3,98 MBrasilia
82%
4,98 MCiudad del Cabo
79%
5,00 MMelbourne
78%
15,6 MKinsasa
76%
9,35 MLuanda
73%
6,70 MNairobi
69%
4,93 MBelo Horizonte
61%
6,25 MDar es Salam
60%
3,93 MPorto Alegre
52%
3,85 MDurban
49%
5,90 MSurabaya
43%
6,95 MBandung
39%

Distribución de puntuación

Porcentaje por número respondido

Porcentaje de gente con cada puntuación

Historial de tus puntuaciones

No has intentado esta prueba desde el último reinicio